00225 a2200109 4500001000700000020000600007040001100013100001100024240003800035245003300073362000900106178515 a  cMagnum aRachel10aAdivinhe o que estou fazendolSEM10aAdivinhe o que estou fazendo0 a1899